<?xml version="1.0" encoding="UTF-8"?>
<record
    xmlns:xsi="http://www.w3.org/2001/XMLSchema-instance"
    xsi:schemaLocation="http://www.loc.gov/MARC21/slim http://www.loc.gov/standards/marcxml/schema/MARC21slim.xsd"
    xmlns="http://www.loc.gov/MARC21/slim">

  <leader>02220    a2200253   4500</leader>
  <controlfield tag="001">32453</controlfield>
  <controlfield tag="005">20260407155623.0</controlfield>
  <controlfield tag="008">260407a1984    arg                 spa d</controlfield>
  <controlfield tag="003">AR-UNSa-BCEJYS</controlfield>
  <datafield tag="040" ind1=" " ind2=" ">
    <subfield code="a">AR-UNSa-BCEJYS</subfield>
    <subfield code="b">spa</subfield>
    <subfield code="c">AR-UNSa-BCEJYS</subfield>
  </datafield>
  <datafield tag="080" ind1=" " ind2=" ">
    <subfield code="a">658</subfield>
    <subfield code="x">Administraci&#xF3;n de empresas. Organizaci&#xF3;n comercial</subfield>
  </datafield>
  <datafield tag="245" ind1="1" ind2="0">
    <subfield code="a">Curso de administraci&#xF3;n moderna</subfield>
    <subfield code="p">un an&#xE1;lisis de las funciones de la administraci&#xF3;n</subfield>
  </datafield>
  <datafield tag="250" ind1=" " ind2=" ">
    <subfield code="a">8a. ed</subfield>
  </datafield>
  <datafield tag="264" ind1=" " ind2="1">
    <subfield code="a">M&#xE9;xico :</subfield>
    <subfield code="b">Libros McGraw-Hill</subfield>
    <subfield code="c">1984</subfield>
  </datafield>
  <datafield tag="300" ind1=" " ind2=" ">
    <subfield code="a">750 p.</subfield>
    <subfield code="c">23 cm.</subfield>
  </datafield>
  <datafield tag="505" ind1=" " ind2=" ">
    <subfield code="a">I. Los fundamentos de la teoria y de la ciencia de la administraci&#xF3;n: 1. Administraci&#xF3;n: Teor&#xED;a, ciencia y pr&#xE1;ctica - 2. Evoluci&#xF3;n del pensamiento administrativo - 3. Enfoques del an&#xE1;lisis administrativo - 4. El ambiente administrativo extremo: nacional e internacional - II. Planeaci&#xF3;n: 5. Natraleza y prop&#xF3;sito de la planeaci&#xF3;n - 6. Objetivos - 7. Estrategias y pol&#xED;ticas - 8. Formulaci&#xF3;n de premisas: Etapa esencial en la planeaci&#xF3;n - 9. Toma de decisiones - 10. Forma de lograr una planeaci&#xF3;n efectiva - III. Organizaci&#xF3;n: 11. Naturaleza y prop&#xF3;sito de la organizaci&#xF3;n - 12. Departamentalizaci&#xF3;n b&#xE1;sica - 13. Relaciones de autoridad del personal de l&#xED;nea y el de staff - 14. Descentralizaci&#xF3;n de la autoridad - 15. Comit&#xE9;s y grupos en la toma de decisiones - 16. Forma de lograr una organizaci&#xF3;n efectiva - IV: Integraci&#xF3;n de personal: 17. Naturaleza e integraci&#xF3;n del personal - 18. Secci&#xF3;n: Encontrar la persona id&#xF3;nea para el puesto - 19. Evaluaci&#xF3;n de administradores - 20. Desarrollo dela organizaci&#xF3;n y de los administradores - V: Direcci&#xF3;n: 21. La adminstraci&#xF3;n y el factor humano - 22. Motivaci&#xF3;n - 23. Liderazgo - 24. Comunicaci&#xF3;n - VI: Control : 25. Sistema y proceso de control - 26. T&#xE9;cnicas de control - 27. Planeaci&#xF3;n y control de la administraci&#xF3;n de la producci&#xF3;n y de las operaciones - 28. Control del desempe&#xF1;o general - 29. Control indirecto: Manera de asegurar una administraci&#xF3;n efectiva.</subfield>
  </datafield>
  <datafield tag="942" ind1=" " ind2=" ">
    <subfield code="c">BK</subfield>
  </datafield>
  <datafield tag="590" ind1=" " ind2=" ">
    <subfield code="a">niveau_biblio:m niveau_hierar:0</subfield>
  </datafield>
  <datafield tag="100" ind1="1" ind2=" ">
    <subfield code="a">Koontz, Harold</subfield>
  </datafield>
  <datafield tag="700" ind1="1" ind2=" ">
    <subfield code="a">O' Donnell, Cyril</subfield>
  </datafield>
  <datafield tag="700" ind1="1" ind2=" ">
    <subfield code="a">Jaled de Allud, Sauri</subfield>
  </datafield>
  <datafield tag="700" ind1="1" ind2=" ">
    <subfield code="a">Weihrich, Heinz</subfield>
  </datafield>
  <datafield tag="700" ind1="1" ind2=" ">
    <subfield code="a">D&#xED;az Mata, Alfredo</subfield>
  </datafield>
  <datafield tag="999" ind1=" " ind2=" ">
    <subfield code="c">2278</subfield>
    <subfield code="d">2278</subfield>
  </datafield>
  <datafield tag="952" ind1=" " ind2=" ">
    <subfield code="0">0</subfield>
    <subfield code="1">0</subfield>
    <subfield code="4">0</subfield>
    <subfield code="7">0</subfield>
    <subfield code="a">BCEJYS</subfield>
    <subfield code="b">BCEJYS</subfield>
    <subfield code="c">16</subfield>
    <subfield code="d">2026-04-07</subfield>
    <subfield code="l">0</subfield>
    <subfield code="o">658 K75 8ed.</subfield>
    <subfield code="p">L44114</subfield>
    <subfield code="r">2026-04-07 15:56:23</subfield>
    <subfield code="w">2026-04-07</subfield>
    <subfield code="y">L</subfield>
  </datafield>
  <datafield tag="952" ind1=" " ind2=" ">
    <subfield code="0">0</subfield>
    <subfield code="1">0</subfield>
    <subfield code="4">0</subfield>
    <subfield code="7">0</subfield>
    <subfield code="a">BCEJYS</subfield>
    <subfield code="b">BCEJYS</subfield>
    <subfield code="c">16</subfield>
    <subfield code="d">2026-04-07</subfield>
    <subfield code="l">0</subfield>
    <subfield code="o">658 K75 8ed.</subfield>
    <subfield code="p">L44116</subfield>
    <subfield code="r">2026-04-07 15:56:23</subfield>
    <subfield code="w">2026-04-07</subfield>
    <subfield code="y">L</subfield>
  </datafield>
</record>
